书目信息 |
| 题名: |
破门而入──美学的问题与历史
|
|
| 作者: | 易中天 著 | |
| 分册: | ||
| 出版信息: | 上海 复旦大学出版社 2005.01 |
|
| 页数: | 327页 | |
| 开本: | 23cm | |
| 丛书名: | ||
| 单 册: | ||
| 中图分类: | B83-09 | |
| 科图分类: | ||
| 主题词: | 美学史--mei xue shi--研究 | |
| 电子资源: | ||
| ISBN: | 7-309-04164-X | |
| 000 | 00853nam0 2200229 450 | |
| 001 | 012006468117 | |
| 005 | 20060628152005.79 | |
| 010 | @a7-309-04164-X@dCNY36.00 | |
| 100 | @a20060611d2005 km y0chiy0120 ea | |
| 101 | 0 | @achi |
| 102 | @aCN@b310000 | |
| 105 | @ay a 000yy | |
| 200 | 1 | @a破门而入──美学的问题与历史@Apo men er ru──mei xue de wen ti yu li shi@f易中天著@Fyi zhong tian zhu |
| 210 | @a上海@c复旦大学出版社@d2005.01 | |
| 215 | @a327页@d23cm | |
| 320 | @a有书目 (第323-326页)。 | |
| 330 | @a本书分为“性质与方法”、“美的研究”、“审美的研究:康德”、“审美的研究:审美心理学”、“艺术的研究:黑格尔”、“艺术的研究:一般艺术学”、“美学问题的历史解答”七讲内容。 | |
| 606 | 0 | @a美学史@Amei xue shi@x研究 |
| 690 | @aB83-09@v4 | |
| 701 | 0 | @a易中天@Ayi zhong tian@4著 |
| 801 | 0 | @aCN@bQSSK@c20060628 |
| 905 | @a10447@dB83-09@eY556 | |
| 破门而入──美学的问题与历史/易中天著.-上海:复旦大学出版社,2005.01 |
| 327页;23cm |
| ISBN 7-309-04164-X:CNY36.00 |
| 本书分为“性质与方法”、“美的研究”、“审美的研究:康德”、“审美的研究:审美心理学”、“艺术的研究:黑格尔”、“艺术的研究:一般艺术学”、“美学问题的历史解答”七讲内容。 |
| ● |
| 相关链接 |
|
|
|
正题名:破门而入──美学的问题与历史
索取号:B83-09/Y556
 
预约/预借
| 序号 | 登录号 | 条形码 | 馆藏地/架位号 | 状态 | 备注 |
| 1 | 583279 | 205832795 | 社科库509/509社科库 33排2列1层/ [索取号:B83-09/Y556] | 在馆 | |
| 2 | 583280 | 205832802 | 社科库509/509社科库 33排2列1层/ [索取号:B83-09/Y556] | 在馆 | |
| 3 | 583281 | 205832811 | 社科库509/ [索取号:B83-09/Y556] | 在馆 |